| 000 | 00679nam a22002177a 4500 | ||
|---|---|---|---|
| 005 | 20140310183638.0 | ||
| 008 | 131212b xxu||||| |||| 00| 0 eng d | ||
| 020 | _a9780071797580 | ||
| 050 |
_aPC 4117 _b.R282 2012 |
||
| 100 | _aThink Spanish Magazine. | ||
| 245 |
_aRead & think Spanish / _cThink Spanish magazine. |
||
| 250 | _a2nd ed. | ||
| 260 |
_aNew York : _bMcGraw-Hill, _c2012. |
||
| 300 |
_axiv, 239 p. : _bill. ; _c23 cm. |
||
| 521 | _aTOU | ||
| 650 |
_aSpanish language _vTextbooks for foreign speakers _xEnglish. |
||
| 650 |
_aSpanish language _vReaders _ySpain. |
||
| 650 |
_aSpanish language _vSpoken Spanish. |
||
| 942 |
_2lcc _cBK _kFOR |
||
| 999 |
_c25765 _d25765 |
||